Brawl Stars: Buzz Skins by Picture - Statistics

General Stats
  • This quiz has been taken 73 times
    16 since last reset
  • The average score is 10 of 16
Answer Stats
Picture Answer % Correct
Buzz Patrick
92%
Black Godzilla Buzz
85%
Godzilla Buzz
85%
True Gold Buzz
85%
True Silver Buzz
85%
Buzzette
69%
Fisherman Buzz
69%
Kaiju Buzz
69%
Red Godzilla Buzz
69%
Bye Bye Buzz
62%
Director Buzz
54%
Fenrir Buzz
54%
Filmmaker Buzz
54%
Born Bad Buzz
46%
Eldr Fenrir Buzz
31%
Mørk Fenrir Buzz
31%
No matching quizzes found
Score Distribution
Percent of People with Each Score
Percentile by Number Answered
Your Score History
You have not taken this quiz since the last reset